000 01688cam a2200397 i 4500
001 768714001
003 CO-MdFUSB
005 20240618062721.0
007 ta
008 930920t19931991ilu b 001 0 eng d
010 _a 93207903
020 _a0802473229
040 _aL
_cCO-MdFUSB
_dDLC
_dCO-MdFUSB
_bspa
_erda
041 _aeng
042 _alccopycat
082 0 0 _223
_a266.0088297
_bS111
100 1 _aSaal, William J.
_eautor
245 1 0 _aReaching Muslims for Christ
_c/ William J. Saal.
264 1 _aChicago :
_bMoody Press,
_c[1991]
264 4 _c© 1991
300 _a223 páginas. ;
_c23 cm.
336 _2rdacontent
_atexto
_btxt
337 _2rdamedia
_asin mediación
_bn
338 _2rdacarrier
_avolumen
_bnc
504 _aIncluye referencias bibliográficas (p. 205-214) e índice.
505 _aCuestiones fundamentales - Comprender el Islam - Comprender la cosmovisión musulmana - Islam popular - Mujeres en el Islam -Islam y cristianismo - Desarrollar respuestas a preguntas musulmanas - El Corán y las tradiciones islámicas - La Biblia y las objeciones musulmanas - La doctrina de Dios - La persona de Jesús - La muerte de Jesús - Una perspectiva sobre Mahoma. Comunicando el evangelio - Abordando áreas problemáticas - Contextualización en un ambiente árabe musulmán - Un modelo para usar la Biblia con Musulmanes: recursos para la evangelización musulmana.
563 _aRústico
650 0 _aMisiones
_9154
650 0 _aCristianismo y otras religiones
_91247
650 7 _aIslamismo
_2
_96903
942 _cBK
945 _aJTF-925
999 _c66417
_d66417